[Event "Paulista-chTA"]
[Site "Sao Paulo"]
[Date "2015.03.07"]
[Round "6.4"]
[White "Outi, Matheus Goya"]
[Black "Cuflat Nt, Marcos Seman"]
[Result "1/2-1/2"]
[WhiteElo "2046"]
[BlackElo "2016"]
[PlyCount "47"]
[EventDate "2015.02.28"]
[EventType "team-tourn"]
[EventRounds "7"]
[EventCountry "BRA"]
[SourceTitle "EXT 2017"]
[Source "ChessBase"]
[SourceDate "2016.10.25"]
[SourceVersion "1"]
[SourceVersionDate "2016.10.25"]
[SourceQuality "1"]
[WhiteTeam "Colegio Albert Sabin"]
[BlackTeam "Osasco"]
[WhiteTeamCountry "BRA"]
[BlackTeamCountry "BRA"]

1. d4 d5 2. Nf3 Nf6 3. c4 e6 4. cxd5 exd5 5. a3 c5 6. e3 Nc6 7. Bb5 a6 8. Bxc6+ bxc6 9. Ne5 Bd6 10. Nxc6 Qc7 11. dxc5 Qxc6 12. cxd6 0-0 13. 0-0 Bf5 14. Nc3 Rac8 15. Qd4 Qxd6 16. b3 Ng4 17. f4 Rfd8 18. h3 Nf6 19. Bb2 h5 20. Rad1 Qe6 21. Rd2 Rb8 22. Na4 Qe4 23. Nc5 Qxd4 24. Bxd4 1/2-1/2